| 000 | 00748nam a2200241 a 4500 | ||
|---|---|---|---|
| 005 | 20240913063741.0 | ||
| 008 | 121018s2001 es r 000 0 spa d | ||
| 020 | _a9788449310966 | ||
| 035 | _aUPN01000187730 | ||
| 049 | _aCG | ||
| 050 | 4 |
_aHM101 _bE2.48a |
|
| 100 | 1 |
_aEagleton, Terry, _d1943- _932679 |
|
| 245 | 1 | 3 |
_aLa idea de la cultura : _buna mirada política sobre los conflictos culturales / _cTerry Eagleton ; tr. Ramón José del Castillo. |
| 260 |
_aBarcelona, Esp. : _bPaidós, _cc2001. |
||
| 300 | _a251 p. | ||
| 440 | 0 | _aContextos ideas | |
| 534 |
_pTítulo original: _tThe idea of culture |
||
| 650 | 4 |
_aCultura _97095 |
|
| 650 | 2 |
_aPostmodernismo _95929 |
|
| 650 | 4 |
_aCivilización _99 |
|
| 905 | _aLibro | ||
| 999 |
_c159833 _d159833 |
||